000 02362cam a22003375i 4500
999 _c28468
_d28439
001 16016320
003 EG-ScBUE
005 20200805104334.0
008 091210s2014 maua f b 001 0 eng d
020 _a9780240521855 (pbk.)
040 _aDLC
_beng
_erda
_cDLC
_dEG-ScBUE
082 0 4 _a791.43023
_bREI
_222
100 1 _aReisz, Karel,
_eauthor.
245 1 4 _aThe technique of film editing /
_cwritten and compiled by Karel Reisz and Gavin Millar ; with the guidance of the following committee appointed by The British Film Academy, Thorold Dickinson [and nine other] ; introduced by Thorold Dickinson.
250 _aSecond edition.
250 _aReissued edition.
264 1 _aBurlington, MA :
_bFocal Press / Taylor & Francis Group,
_c2014.
300 _axxi, 346 pages :
_billustrations ;
_c24 cm
336 _atext
_btxt
_2rdacontent
337 _aunmediated
_bn
_2rdamedia
338 _avolume
_bnc
_2rdacarrier
500 _aIncludes glossary.
504 _aIncludes bibliographical references and index.
520 _aEnhanced version of the seminal text on editing includes a new foreword, a new afterword, a revamped cover and layout, as well as a lower price! The single most comprehensive and engaging volume on film editing. Reisz and Millar introduce readers to every aspect of the editor's craft, providing a concise history of editing and describing editing style as it applies to every genre of moviemaking, including many types of narrative and documentary films. The particular demands of wide-screen filmmaking, cinema verite, and the avant-garde are also covered. Reisz and Millar's account of the differences between smooth and abrupt editing and their remarkable sense of editing for dramatic effect rather than for realism make this book essential for apprentice editors, as well as those who want to know how filmmakers understand their work. * New foreword and a new afterword * New layout features wider trim for easier readability and more ideal figure placement, while sidebars and tips call-outs provide quick-access to key concepts and ideas * Enhanced version and at a lower price.
650 7 _aMotion pictures
_xEditing.
_2BUEsh
653 _bCOMAME
_cJuly2020
655 _vReading book
_934232
700 1 _aMillar, Gavin,
_eauthor.
700 1 _aDickinson, Thorold,
_eauthor of introduction, etc.
942 _2ddc
_cBB